000 00935cam a2200289 i 4500
001 4125046
003 OSt
005 20140310182035.0
008 770204s1976 cau 000 0ceng
010 _a 76019843
020 _a0875162150
040 _aDLC
_cDLC
_dDLC
050 0 0 _aBJ 1611.2
_b.P796 1976
082 0 0 _aHS 222.11
_aP11 1976
100 1 _aPonder, Catherine.
_910685
245 1 4 _aThe millionaires of Genesis, their prosperity secrets for you! /
_cCatherine Ponder.
260 _aMarina del Rey, Ca. :
_bDeVorss,
_cc1976.
300 _a178 p. ;
_c21 cm.
490 0 _aHer The Millionaires of the Bible
562 _eFor circulation. 1 copy available in the collection
630 0 0 _aBible.
_pO.T.
_xBiography.
_910686
650 0 _aSuccess
_xReligious aspects.
_910687
650 0 _aPatriarchs (Bible)
_xBiography.
_910688
906 _a7
_bcbc
_corignew
_d2
_eocip
_f19
_gy-gencatlg
942 _2lcc
_cHS
999 _c8676
_d8676